[Event "BPB Limburg open B"]
[Site "Maastricht"]
[Date "2015.05.23"]
[Round "3"]
[White "Plug, Arjan"]
[Black "Van Ginneken, Jos"]
[Result "1/2-1/2"]
[WhiteElo "1876"]
[BlackElo "1678"]
[PlyCount "49"]
[EventDate "2015.05.22"]
[EventType "swiss"]
[EventRounds "7"]
[EventCountry "NED"]
[Source "P.Boonen"]
[SourceDate "2015.10.01"]

1. e4 d6 2. Nc3 Nf6 3. d4 e6 4. Bg5 Be7 5. Nf3 a6 6. a4 Nc6 7. Be2 O-O 8. O-O
d5 9. Bxf6 Bxf6 10. e5 Be7 11. Na2 Na5 12. b4 Nc4 13. c3 Bd7 14. Nc1 f5 15.
exf6 Rxf6 16. Nd3 Qe8 17. Nfe5 Nxe5 18. Nxe5 Bd6 19. f4 Bxe5 20. fxe5 Rxf1+ 21.
Bxf1 Qg6 22. Bd3 Qg5 23. Qe2 Rf8 24. a5 Be8 25. Re1 1/2-1/2

[Event "BPB Limburg open B"]
[Site "Maastricht"]
[Date "2015.05.23"]
[Round "3"]
[White "Porteman, Eric"]
[Black "Orbons, Richard"]
[Result "1-0"]
[WhiteElo "1923"]
[BlackElo "1578"]
[PlyCount "35"]
[EventDate "2015.05.22"]
[EventType "swiss"]
[EventRounds "7"]
[EventCountry "NED"]
[Source "P.Boonen"]
[SourceDate "2015.10.01"]

1. e4 d6 2. d4 Nf6 3. Nc3 c6 4. Bd3 g6 5. f4 Na6 6. a3 e5 7. dxe5 dxe5 8. fxe5
Ng4 9. Nf3 Bg7 10. Bf4 Qe7 11. Bg5 Qc5 12. Qd2 Nxe5 13. Bxa6 O-O 14. Bd3 Bg4
15. Be3 Qe7 16. Nxe5 Bxe5 17. Qf2 b6 18. Bd4 1-0

[Event "BPB Limburg open B"]
[Site "Maastricht"]
[Date "2015.05.23"]
[Round "3"]
[White "Ramaekers, Philippe1"]
[Black "Hilwerda, Jonas"]
[Result "0-1"]
[WhiteElo "1883"]
[BlackElo "1716"]
[PlyCount "94"]
[EventDate "2015.05.22"]
[EventType "swiss"]
[EventRounds "7"]
[EventCountry "NED"]
[Source "P.Boonen"]
[SourceDate "2015.10.01"]

1. e4 e5 2. f4 Nc6 3. Nf3 f5 4. d3 d6 5. Be2 Nf6 6. Nc3 Be7 7. O-O O-O 8. h3
Nh5 9. Nxe5 Nxf4 10. Nxc6 Nxe2+ 11. Qxe2 bxc6 12. Bd2 Bg5 13. exf5 Bxd2 14.
Qxd2 Bxf5 15. Rae1 Bg6 16. Rxf8+ Qxf8 17. Rf1 Qe7 18. Qf4 Rf8 19. Qc4+ d5 20.
Rxf8+ Kxf8 21. Qd4 a6 22. Qf2+ Kg8 23. a3 h6 24. Na4 Qe5 25. d4 Qg5 26. c3 Qc1+
27. Kh2 Bc2 28. Nc5 Qxb2 29. Ne6 Qxa3 30. Nxc7 Qd6+ 31. Qg3 Qxg3+ 32. Kxg3 a5
33. Na6 a4 34. Nb4 Bb1 35. Nxc6 a3 36. Nb4 a2 37. Nxa2 Bxa2 38. Kf4 Kf7 39. Ke5
Kg6 40. g3 Kg5 41. Ke6 h5 42. Kf7 h4 43. g4 g6 44. Kg7 Bb1 45. c4 dxc4 46. d5
Be4 47. d6 Bc6 0-1

[Event "BPB Limburg open B"]
[Site "Maastricht"]
[Date "2015.05.23"]
[Round "3"]
[White "Reichardt, Gert"]
[Black "Holwijn, Melvin"]
[Result "1-0"]
[WhiteElo "2007"]
[BlackElo "1927"]
[PlyCount "150"]
[EventDate "2015.05.22"]
[EventType "swiss"]
[EventRounds "7"]
[EventCountry "NED"]
[Source "P.Boonen"]
[SourceDate "2015.10.01"]

1. d4 Nf6 2. Bf4 d5 3. Nf3 c6 4. e3 Bf5 5. Bd3 Bg6 6. Ne5 e6 7. c3 Bxd3 8. Nxd3
Nbd7 9. Nd2 c5 10. Bg5 c4 11. Ne5 Be7 12. Ndf3 Ne4 13. Bxe7 Qxe7 14. Nxd7 Qxd7
15. Ne5 Qb5 16. Rb1 O-O 17. f3 Nd6 18. b4 f6 19. a4 Qe8 20. Ng4 Qg6 21. O-O h5
22. Nf2 Nf5 23. Qe2 Rae8 24. Rbe1 Nh4 25. Nh3 e5 26. dxe5 Rxe5 27. e4 Qf7 28.
Qf2 g5 29. g3 Ng6 30. Qxa7 dxe4 31. fxe4 Qd7 32. Nf2 Ree8 33. Qd4 Qe6 34. Qd5
Qxd5 35. exd5 Ne5 36. Ne4 Kg7 37. Rd1 Ng4 38. Nd6 Re2 39. Nf5+ Kg6 40. h3 Ne3
41. Nxe3 Rxe3 42. Kf2 Rxc3 43. Rc1 Ra3 44. Rxc4 Rxa4 45. Re1 Ra2+ 46. Kf3 Rd2
47. Rc7 g4+ 48. hxg4 hxg4+ 49. Kf4 Rf2+ 50. Ke3 Rf3+ 51. Kd4 Rxg3 52. Rxb7 Rc8
53. d6 Rg2 54. d7 Rd8 55. Kd5 Kf7 56. Kd6 Rd2+ 57. Kc6 g3 58. b5 g2 59. Rc7
Rc2+ 60. Kd6 Re2 61. Ra1 Rd2+ 62. Kc6 Ke6 63. Re1+ Kf5 64. b6 Rh8 65. b7 Rc2+
66. Kd6 Rd2+ 67. Kc6 Rh3 68. b8=Q Rc3+ 69. Kb7 Rb2+ 70. Kc8 Rxb8+ 71. Kxb8 Rd3
72. Kc8 Kg4 73. d8=Q Rxd8+ 74. Kxd8 Kg3 75. Rc2 f5 {.....} 1-0

[Event "BPB Limburg open B"]
[Site "Maastricht"]
[Date "2015.05.23"]
[Round "3"]
[White "Saizew, Valeri"]
[Black "Cornelius, Jorg"]
[Result "1/2-1/2"]
[WhiteElo "1957"]
[BlackElo "2022"]
[PlyCount "33"]
[EventDate "2015.05.22"]
[EventType "swiss"]
[EventRounds "7"]
[EventCountry "NED"]
[Source "P.Boonen"]
[SourceDate "2015.10.01"]

1. e4 Nf6 2. Nc3 d5 3. exd5 Nxd5 4. Nxd5 Qxd5 5. Qf3 c6 6. Qxd5 cxd5 7. d4 Nc6
8. c3 Bf5 9. Bf4 e6 10. Kd2 Be7 11. Bd3 Bxd3 12. Kxd3 O-O 13. Nf3 Rac8 14. Ne5
Nxe5+ 15. Bxe5 Rfd8 16. Bf4 Bd6 17. Bxd6 1/2-1/2

[Event "BPB Limburg open B"]
[Site "Maastricht"]
[Date "2015.05.23"]
[Round "3"]
[White "Schilperoort, Jeroen"]
[Black "Cromsight, Jeroen"]
[Result "1/2-1/2"]
[WhiteElo "1940"]
[BlackElo "1981"]
[PlyCount "45"]
[EventDate "2015.05.22"]
[EventType "swiss"]
[EventRounds "7"]
[EventCountry "NED"]
[Source "P.Boonen"]
[SourceDate "2015.10.01"]

1. Nc3 e5 2. Nf3 Nc6 3. d4 exd4 4. Nxd4 Nf6 5. Bg5 h6 6. Bxf6 Qxf6 7. Ndb5 Qd8
8. Nd5 Bd6 9. Nxd6+ cxd6 10. g3 O-O 11. Bg2 Ne7 12. c3 Rb8 13. O-O b5 14. Qd4
Nxd5 15. Bxd5 Rb6 16. Rfd1 Qc7 17. Rd3 Bb7 18. Re3 Qc5 19. Rd1 Qxd5 20. Qxd5
Bxd5 21. Rxd5 Rc8 22. Re4 Kf8 23. Kg2 1/2-1/2

[Event "BPB Limburg open B"]
[Site "Maastricht"]
[Date "2015.05.23"]
[Round "3"]
[White "Senders, Justin"]
[Black "Bettman, Jan"]
[Result "1-0"]
[WhiteElo "1986"]
[BlackElo "1870"]
[PlyCount "103"]
[EventDate "2015.05.22"]
[EventType "swiss"]
[EventRounds "7"]
[EventCountry "NED"]
[Source "P.Boonen"]
[SourceDate "2015.10.01"]

1. e4 e5 2. Nf3 d5 3. exd5 e4 4. Qe2 Qe7 5. Nd4 g6 6. Nc3 Bg7 7. Ndb5 Nf6 8. d3
a6 9. Nd4 Qb4 10. Nb3 O-O 11. a3 exd3 12. axb4 dxe2 13. Bxe2 Rd8 14. Bf3 Bg4
15. Bxg4 Nxg4 16. O-O c6 17. Na5 Bd4 18. h3 Nxf2 19. Rxf2 cxd5 20. Ne2 Bxf2+
21. Kxf2 b6 22. Nb3 Nc6 23. c3 Rd6 24. Bf4 Rf6 25. Kg3 Re8 26. Nbd4 Nxd4 27.
Nxd4 b5 28. Bg5 Rb6 29. Rd1 Kg7 30. Rd2 h6 31. Bf4 g5 32. Bc7 Rb7 33. Bd6 Kg6
34. Nf3 Rb6 35. Bc5 Rbe6 36. Rxd5 f5 37. Rd2 Re2 38. Rd6+ R8e6 39. Rxe6+ Rxe6
40. Kf2 g4 41. Nd4 gxh3 42. gxh3 Re4 43. Nf3 Kf6 44. b3 Kg6 45. Bd4 Re8 46. c4
Kf7 47. Be3 h5 48. c5 Ke6 49. Nd4+ Kd5 50. Kf3 a5 51. Nxb5 Re4 52. Nc3+ 1-0

[Event "BPB Limburg open B"]
[Site "Maastricht"]
[Date "2015.05.23"]
[Round "3"]
[White "Smet, Louis"]
[Black "Kronseder, Michael"]
[Result "1-0"]
[WhiteElo "1750"]
[BlackElo "1809"]
[PlyCount "53"]
[EventDate "2015.05.22"]
[EventType "swiss"]
[EventRounds "7"]
[EventCountry "NED"]
[Source "P.Boonen"]
[SourceDate "2015.10.01"]

1. e4 c5 2. c3 Nf6 3. e5 Nd5 4. d4 cxd4 5. Nf3 d6 6. exd6 Qxd6 7. Nxd4 e6 8.
Be2 Nc6 9. Na3 a6 10. Nc4 Qc7 11. Ne3 Nb6 12. O-O Bd6 13. g3 h5 14. Nxc6 bxc6
15. Nc4 Nxc4 16. Bxc4 h4 17. Qg4 Bb7 18. Bg5 hxg3 19. hxg3 f5 20. Qe2 e5 21.
Rad1 g6 22. Bf6 Rf8 23. Bxe5 Bxe5 24. Rfe1 Rh8 25. Qxe5+ Qxe5 26. Rxe5+ Kf8 27.
Rd7 1-0

[Event "BPB Limburg open B"]
[Site "Maastricht"]
[Date "2015.05.23"]
[Round "3"]
[White "Snoeck, Rene"]
[Black "De Boer, Eelke"]
[Result "0-1"]
[WhiteElo "1956"]
[BlackElo "1912"]
[PlyCount "57"]
[EventDate "2015.05.22"]
[EventType "swiss"]
[EventRounds "7"]
[EventCountry "NED"]
[Source "P.Boonen"]
[SourceDate "2015.10.01"]

1. d4 f5 2. g3 Nf6 3. Bg2 g6 4. Nd2 Bg7 5. c3 O-O 6. Ngf3 d6 7. Qb3+ e6 8. O-O
Nc6 9. a4 Kh8 10. Ng5 d5 11. Nh3 e5 12. e3 e4 13. a5 Ne7 14. c4 c6 15. Qc2 Be6
16. b4 Rc8 17. Ba3 b5 18. axb6 axb6 19. Ra2 dxc4 20. Ng5 Bg8 21. b5 h6 22. Nh3
cxb5 23. Nf4 Kh7 24. Rfa1 g5 25. Ne2 Re8 26. Nc3 Qd7 27. f3 Ned5 28. Nxd5 Nxd5
29. fxe4 0-1

[Event "BPB Limburg open B"]
[Site "Maastricht"]
[Date "2015.05.23"]
[Round "3"]
[White "Staudte, Rainer"]
[Black "Bratuszewski, Jorden"]
[Result "1-0"]
[WhiteElo "1871"]
[BlackElo "1859"]
[PlyCount "95"]
[EventDate "2015.05.22"]
[EventType "swiss"]
[EventRounds "7"]
[EventCountry "NED"]
[Source "P.Boonen"]
[SourceDate "2015.10.01"]

1. d4 Nf6 2. c4 e6 3. Nf3 c5 4. Nc3 cxd4 5. Nxd4 d5 6. cxd5 exd5 7. Bg5 Nc6 8.
e3 Be7 9. Bd3 O-O 10. O-O g6 11. a3 Ne5 12. Be2 a6 13. Nf3 Nc4 14. b3 Na5 15.
b4 Nc4 16. Nxd5 Nxd5 17. Bxe7 Qxe7 18. Bxc4 Nb6 19. Bb3 Be6 20. Bxe6 Qxe6 21.
Nd4 Qe7 22. Qb3 Rac8 23. Rac1 Rc7 24. Rxc7 Qxc7 25. h3 Rc8 26. Rd1 Qc3 27. g3
Kg7 28. Kg2 h6 29. h4 h5 30. Rb1 Kf6 31. Qd1 Kg7 32. Rb3 Qc7 33. Qf3 Nc4 34.
Qd5 Qe7 35. Qg5 Qxg5 36. hxg5 Nd2 37. Rd3 Ne4 38. f4 f5 39. gxf6+ Kxf6 40. Kf3
Re8 41. Ne2 b6 42. Nc3 Nxc3 43. Rxc3 Re6 44. e4 b5 45. Rc5 Ke7 46. e5 Rb6 47.
Ke4 Ke6 48. Rc7 1-0

[Event "BPB Limburg open B"]
[Site "Maastricht"]
[Date "2015.05.23"]
[Round "3"]
[White "Tangelder, Yonne"]
[Black "Reichardt, Robin"]
[Result "1-0"]
[WhiteElo "1887"]
[BlackElo "1707"]
[PlyCount "55"]
[EventDate "2015.05.22"]
[EventType "swiss"]
[EventRounds "7"]
[EventCountry "NED"]
[Source "P.Boonen"]
[SourceDate "2015.10.01"]

1. e4 e5 2. d4 exd4 3. Qxd4 Nc6 4. Qe3 d6 5. Nc3 Nf6 6. Bd2 Be6 7. O-O-O Be7 8.
f4 d5 9. exd5 Nxd5 10. Qf3 Qd7 11. f5 Bxf5 12. Qxd5 O-O-O 13. Qxd7+ Rxd7 14.
Nf3 Rhd8 15. Bb5 Bg4 16. Be3 Bd6 17. Ne4 Re7 18. Nxd6+ cxd6 19. Bf4 Bxf3 20.
gxf3 Ne5 21. Rhe1 a6 22. Bxe5 axb5 23. Bxg7 Rc7 24. Bf6 Rg8 25. Rxd6 Kb8 26.
Rd8+ Rxd8 27. Bxd8 Rd7 28. Bb6 1-0

[Event "BPB Limburg open B"]
[Site "Maastricht"]
[Date "2015.05.23"]
[Round "3"]
[White "Tutenel, Erik"]
[Black "De Boer, Robert"]
[Result "1/2-1/2"]
[WhiteElo "1853"]
[BlackElo "1938"]
[PlyCount "77"]
[EventDate "2015.05.22"]
[EventType "swiss"]
[EventRounds "7"]
[EventCountry "NED"]
[Source "P.Boonen"]
[SourceDate "2015.10.01"]

1. e4 e6 2. d4 d5 3. exd5 exd5 4. c4 Nf6 5. Nc3 Bb4 6. Bd3 O-O 7. Nge2 dxc4 8.
Bxc4 c6 9. O-O Bg4 10. f3 Bc8 11. Ng3 Nbd7 12. Qd3 b5 13. Bb3 Nc5 14. Qd1 Nxb3
15. axb3 Be6 16. Be3 Nd5 17. Nxd5 Qxd5 18. Ra6 Rfc8 19. Ne4 Qxb3 20. Qxb3 Bxb3
21. Nc5 Bd5 22. Rfa1 Re8 23. Kf2 Re7 24. Bf4 Rae8 25. Rxa7 Be1+ 26. Kg1 h6 27.
Rxe7 Rxe7 28. Be5 Bd2 29. Bg3 Re2 30. Bf2 Bc4 31. b3 Bd5 32. Kf1 Re8 33. Be1
Bf4 34. Bg3 Bd2 35. Be1 Bxe1 36. Rxe1 Ra8 37. Kf2 Ra3 38. Re3 Ra1 39. Re1
1/2-1/2

[Event "BPB Limburg open B"]
[Site "Maastricht"]
[Date "2015.05.23"]
[Round "3"]
[White "Uckerman, John"]
[Black "Feltman, Bart"]
[Result "0-1"]
[WhiteElo "1705"]
[BlackElo "1806"]
[PlyCount "54"]
[EventDate "2015.05.22"]
[EventType "swiss"]
[EventRounds "7"]
[EventCountry "NED"]
[Source "P.Boonen"]
[SourceDate "2015.10.01"]

1. e4 e6 2. d4 d5 3. e5 c5 4. Qg4 cxd4 5. Nf3 Nc6 6. Bd3 Qc7 7. Qg3 Nge7 8. O-O
Ng6 9. Re1 Bd7 10. a3 O-O-O 11. b4 f5 12. h4 Rg8 13. h5 Nh8 14. Bf4 Nf7 15.
Nbd2 g5 16. hxg6 Rxg6 17. Qh2 Bh6 18. Nh4 Bxf4 19. Qxf4 Rg4 20. Qh2 Ncxe5 21.
Be2 Rg7 22. Nb3 Rdg8 23. Nxd4 Qc3 24. Rad1 Ng4 25. Bxg4 Rxg4 26. Re3 Qc4 27.
Ne2 Rxh4 0-1

[Event "BPB Limburg open B"]
[Site "Maastricht"]
[Date "2015.05.23"]
[Round "3"]
[White "Valstar, Jasper"]
[Black "Leontiev, Oleg"]
[Result "0-1"]
[WhiteElo "1912"]
[BlackElo "1929"]
[PlyCount "82"]
[EventDate "2015.05.22"]
[EventType "swiss"]
[EventRounds "7"]
[EventCountry "NED"]
[Source "P.Boonen"]
[SourceDate "2015.10.01"]

1. e4 e6 2. d3 d5 3. Qe2 Be7 4. Nf3 c5 5. g3 Nc6 6. Bg2 dxe4 7. dxe4 e5 8. c3
Nf6 9. O-O O-O 10. Nbd2 Qc7 11. Nc4 h6 12. Ne3 Be6 13. Qc2 c4 14. b3 cxb3 15.
axb3 Rfc8 16. c4 Nb4 17. Qb1 b5 18. Bb2 Nd7 19. Ba3 bxc4 20. Nxc4 f6 21. Rc1
Qb7 22. Bxb4 Bxb4 23. Bf1 Rab8 24. Na5 Rxc1 25. Qxc1 Qxe4 26. Bg2 Bxa5 27. Rxa5
Qb4 28. Rxa7 Qxb3 29. Nd2 Qb2 30. Qc6 Nc5 31. Qc7 Nd7 32. Qd6 Rb6 33. Ra8+ Kh7
34. Qd3+ f5 35. Bh3 Qc1+ 36. Kg2 Qc6+ 37. Qf3 Qxf3+ 38. Nxf3 Kg6 39. Nh4+ Kf6
40. Kf1 g5 41. Rh8 Kg7 0-1

[Event "BPB Limburg open B"]
[Site "Maastricht"]
[Date "2015.05.23"]
[Round "3"]
[White "Van Houtte, Randy"]
[Black "Koelmans, Jan Willem"]
[Result "1/2-1/2"]
[WhiteElo "1956"]
[BlackElo "1905"]
[PlyCount "91"]
[EventDate "2015.05.22"]
[EventType "swiss"]
[EventRounds "7"]
[EventCountry "NED"]
[Source "P.Boonen"]
[SourceDate "2015.10.01"]

1. c4 c6 2. Nc3 d5 3. e3 Nf6 4. Nf3 e6 5. Be2 Bd6 6. O-O O-O 7. b3 b6 8. Bb2
Bb7 9. d3 Nbd7 10. cxd5 exd5 11. Qd2 Re8 12. Rac1 Rc8 13. Rfe1 Ne5 14. Nxe5
Bxe5 15. f4 Bb8 16. d4 Qd6 17. Bf3 h6 18. g3 Ne4 19. Nxe4 dxe4 20. Bg4 Rcd8 21.
Qc3 Qg6 22. Bh3 Rd5 23. b4 h5 24. Kh1 Bd6 25. Rg1 Be7 26. g4 h4 27. g5 Qd6 28.
a3 Bf8 29. Qe1 c5 30. bxc5 bxc5 31. Qxh4 cxd4 32. Bxd4 Rxd4 33. exd4 e3+ 34.
Bg2 Bxg2+ 35. Rxg2 Qxd4 36. Re2 Bxa3 37. Rf1 Bc5 38. Qh5 Qe4+ 39. Kg1 g6 40.
Qh3 Rd8 41. Qg4 Rd2 42. Qc8+ Bf8 43. Qg4 Bd6 44. Qc8+ Bf8 45. Qg4 Bd6 46. Qc8+
1/2-1/2

[Event "BPB Limburg open B"]
[Site "Maastricht"]
[Date "2015.05.23"]
[Round "3"]
[White "Van Loy, Rick"]
[Black "Bojanowski, Roman"]
[Result "1/2-1/2"]
[WhiteElo "1966"]
[BlackElo "1919"]
[PlyCount "85"]
[EventDate "2015.05.22"]
[EventType "swiss"]
[EventRounds "7"]
[EventCountry "NED"]
[Source "P.Boonen"]
[SourceDate "2015.10.01"]

1. e4 e6 2. d4 d5 3. e5 c5 4. c3 Nc6 5. Nf3 cxd4 6. cxd4 Bb4+ 7. Bd2 Qb6 8.
Bxb4 Qxb4+ 9. Qd2 Nge7 10. Nc3 Nf5 11. a3 Qb3 12. Qd1 Qb6 13. Na4 Qd8 14. b4 a6
15. Rc1 O-O 16. Bd3 Nh4 17. Nxh4 Qxh4 18. Rxc6 bxc6 19. O-O a5 20. Nc5 axb4 21.
axb4 Rb8 22. Qd2 Kh8 23. f4 Ra8 24. g3 Qe7 25. Qg2 f5 26. g4 g6 27. g5 Rf7 28.
Qb2 Qa7 29. Rb1 Rc7 30. Qc3 Qb6 31. b5 Rca7 32. bxc6 Qxc6 33. Qb3 Qe8 34. Bb5
Qe7 35. Bc6 Ra3 36. Qb6 R8a7 37. Qb8 Rc7 38. Rb7 Ra1+ 39. Kf2 Ra2+ 40. Kg3 Ra3+
41. Kg2 Ra2+ 42. Kg3 Ra3+ 43. Kg2 1/2-1/2

[Event "BPB Limburg open B"]
[Site "Maastricht"]
[Date "2015.05.23"]
[Round "3"]
[White "Van Roon, Sjoerd"]
[Black "Willen, Ronny"]
[Result "1-0"]
[WhiteElo "1853"]
[BlackElo "1873"]
[PlyCount "39"]
[EventDate "2015.05.22"]
[EventType "swiss"]
[EventRounds "7"]
[EventCountry "NED"]
[Source "P.Boonen"]
[SourceDate "2015.10.01"]

1. e4 c5 2. Nf3 Nc6 3. d4 cxd4 4. Nxd4 g6 5. Be3 Bg7 6. Nc3 Nf6 7. f3 Qb6 8.
Nf5 Qxb2 9. Nxg7+ Kf8 10. Nd5 Kxg7 11. Be2 Qa3 12. Qd2 h5 13. O-O Qa5 14. Qxa5
Nxa5 15. Nxe7 Re8 16. Bc5 b6 17. Bb4 Nc6 18. Nxc6 dxc6 19. Bc3 Be6 20. g4 1-0

[Event "BPB Limburg open B"]
[Site "Maastricht"]
[Date "2015.05.23"]
[Round "3"]
[White "Van den Akker, Guus"]
[Black "Van Dael, Siem"]
[Result "1-0"]
[WhiteElo "1753"]
[BlackElo "1813"]
[PlyCount "113"]
[EventDate "2015.05.22"]
[EventType "swiss"]
[EventRounds "7"]
[EventCountry "NED"]
[Source "P.Boonen"]
[SourceDate "2015.10.01"]

1. e4 e5 2. Bc4 Nf6 3. d3 Nc6 4. Nf3 Bc5 5. c3 O-O 6. Bb3 d6 7. Nbd2 Be6 8. Bc2
d5 9. Qe2 Qd7 10. h3 d4 11. c4 h6 12. Ba4 Qd6 13. Bxc6 bxc6 14. O-O g5 15. Kh2
Nh5 16. g3 Ng7 17. Nb3 Bb6 18. Bd2 c5 19. Ng1 f5 20. f3 c6 21. Qe1 Rae8 22. Nc1
Bd8 23. a3 fxe4 24. fxe4 a5 25. Rxf8+ Rxf8 26. b4 cxb4 27. axb4 axb4 28. Bxb4
c5 29. Ba3 Be7 30. Nb3 Qb6 31. Rb1 Qa7 32. Ra1 Qa4 33. Nd2 Nh5 34. Qe2 Ng7 35.
Kg2 g4 36. h4 Nh5 37. Qd1 Qe8 38. Ne2 Qf7 39. Qf1 Qe8 40. Qg1 Qc6 41. Qb1 Qc7
42. Qb5 Rb8 43. Qa6 Rb6 44. Qa5 Qc6 45. Bc1 Bd8 46. Rb1 Ng7 47. Ba3 Kh7 48.
Qxc5 Qa4 49. Rc1 Ra6 50. Bb4 Rc6 51. Qb5 Qxb5 52. cxb5 Rb6 53. Ba5 Rb8 54. Bxd8
Rxd8 55. b6 Rb8 56. Rb1 Bc8 57. Nc4 1-0

[Event "BPB Limburg open B"]
[Site "Maastricht"]
[Date "2015.05.23"]
[Round "3"]
[White "Van den Berg, Jaap"]
[Black "Reichardt, Monica"]
[Result "1/2-1/2"]
[WhiteElo "1858"]
[BlackElo "1860"]
[PlyCount "57"]
[EventDate "2015.05.22"]
[EventType "swiss"]
[EventRounds "7"]
[EventCountry "NED"]
[Source "P.Boonen"]
[SourceDate "2015.10.01"]

1. e4 e5 2. Nf3 Nc6 3. Bb5 a6 4. Ba4 Nf6 5. d3 Be7 6. O-O b5 7. Bb3 d6 8. c3
O-O 9. Re1 Bg4 10. Nbd2 Qd7 11. Nf1 Rad8 12. Ne3 Bh5 13. Qe2 Na5 14. Bd1 c6 15.
b4 Nb7 16. Qc2 Qc7 17. a3 d5 18. Nf5 Rfe8 19. Bg5 dxe4 20. dxe4 c5 21. Bh4 Rc8
22. Bg3 Bxf3 23. Bxf3 cxb4 24. axb4 Bxb4 25. Rxa6 Qxc3 26. Qxc3 Bxc3 27. Rb1 b4
28. Bh4 Nc5 29. Rxf6 1/2-1/2

[Event "BPB Limburg open B"]
[Site "Maastricht"]
[Date "2015.05.23"]
[Round "3"]
[White "Van den Bos, Frans Pieter"]
[Black "Willockx, Ritsaart"]
[Result "1/2-1/2"]
[WhiteElo "1959"]
[BlackElo "1908"]
[PlyCount "97"]
[EventDate "2015.05.22"]
[EventType "swiss"]
[EventRounds "7"]
[EventCountry "NED"]
[Source "P.Boonen"]
[SourceDate "2015.10.01"]

1. c4 c6 2. d4 d5 3. e3 Nf6 4. Nf3 e6 5. Nc3 Bd6 6. Bd3 dxc4 7. Bxc4 b5 8. Bd3
Bb7 9. O-O O-O 10. e4 Be7 11. Qe2 b4 12. Na4 Nbd7 13. Bf4 Qa5 14. b3 c5 15.
dxc5 Nxc5 16. Nxc5 Bxc5 17. Be5 Be7 18. Rac1 Rac8 19. h3 Rxc1 20. Rxc1 Rc8 21.
Rxc8+ Bxc8 22. Bxf6 gxf6 23. e5 f5 24. g4 Bb7 25. gxf5 Bxf3 26. Qxf3 Qxe5 27.
fxe6 fxe6 28. Qg3+ Qxg3+ 29. fxg3 Kg7 30. Kf2 h6 31. Ke3 Kf6 32. Ke4 Bd6 33. g4
Be5 34. Ba6 Bc3 35. Bb7 Kg5 36. Kf3 Kh4 37. Kg2 Kg5 38. Kf3 Kf6 39. Ke4 Kg5 40.
Kf3 Kh4 41. Kg2 h5 42. gxh5 Kxh5 43. Bc8 e5 44. Kf3 Kh4 45. Ke4 Kg3 46. Be6 Kh4
47. Bc8 Kg3 48. Be6 Kh4 49. Bc8 1/2-1/2

[Event "BPB Limburg open B"]
[Site "Maastricht"]
[Date "2015.05.23"]
[Round "3"]
[White "Van der Valk, Reiner"]
[Black "Zyla, Lennert"]
[Result "0-1"]
[WhiteElo "1759"]
[BlackElo "1805"]
[PlyCount "50"]
[EventDate "2015.05.22"]
[EventType "swiss"]
[EventRounds "7"]
[EventCountry "NED"]
[Source "P.Boonen"]
[SourceDate "2015.10.01"]

1. e4 c5 2. Nc3 Nc6 3. f4 e6 4. Bb5 a6 5. Bxc6 bxc6 6. Nf3 d5 7. d3 Nf6 8. e5
Nd7 9. b3 Nb6 10. O-O Be7 11. Qe1 O-O 12. Qg3 f5 13. Ng5 h6 14. Nf3 Kh7 15. Ba3
d4 16. Ne2 Nd5 17. Bc1 Nb4 18. Ne1 Bh4 19. Qf3 Bxe1 20. Rxe1 Nxc2 21. Qxc6 Bd7
22. Qxc5 Nxe1 23. Qxd4 Nc2 24. Qb2 Nxa1 25. Qxa1 Bb5 0-1

[Event "BPB Limburg open B"]
[Site "Maastricht"]
[Date "2015.05.23"]
[Round "3"]
[White "Veelenturf, Wim"]
[Black "Kastelein, Gerard"]
[Result "1/2-1/2"]
[WhiteElo "1712"]
[BlackElo "1816"]
[PlyCount "45"]
[EventDate "2015.05.22"]
[EventType "swiss"]
[EventRounds "7"]
[EventCountry "NED"]
[Source "P.Boonen"]
[SourceDate "2015.10.01"]

1. e4 Nc6 2. f4 e5 3. d3 d5 4. exd5 Qxd5 5. Qf3 Qe6 6. Ne2 Nf6 7. Nbc3 Nb4 8.
Kd1 Bd6 9. a3 Nbd5 10. Nxd5 Nxd5 11. f5 Qxf5 12. Qxd5 Qh5 13. h3 O-O 14. Qf3
Qg6 15. Qg3 Qh5 16. Qg5 Qg6 17. Nc3 Qe6 18. Be2 Be7 19. Qg3 f5 20. Qf3 c6 21.
g4 e4 22. dxe4 fxg4 23. Qg3 {.....} 1/2-1/2

[Event "BPB Limburg open B"]
[Site "Maastricht"]
[Date "2015.05.23"]
[Round "3"]
[White "Visse, Bernard"]
[Black "Sofic, Narcis"]
[Result "0-1"]
[WhiteElo "1723"]
[BlackElo "1941"]
[PlyCount "74"]
[EventDate "2015.05.22"]
[EventType "swiss"]
[EventRounds "7"]
[EventCountry "NED"]
[Source "P.Boonen"]
[SourceDate "2015.10.01"]

1. d4 d5 2. Bf4 Nf6 3. e3 c6 4. c3 Bf5 5. Nd2 e6 6. Ngf3 h6 7. Ne5 Nbd7 8. Bg3
Nxe5 9. Bxe5 Nd7 10. Bg3 Be7 11. Nf3 O-O 12. Bd3 Bxd3 13. Qxd3 Nf6 14. Nd2 c5
15. Qe2 cxd4 16. exd4 a6 17. O-O b5 18. a3 Qb6 19. b4 Rfc8 20. Rac1 a5 21. Nb3
axb4 22. axb4 Rc4 23. Qb2 Rcc8 24. Nc5 Ra7 25. Ra1 Rca8 26. Rxa7 Qxa7 27. Qe2
Qb6 28. Be5 Qc6 29. Qb2 Nd7 30. Bg3 Nb6 31. Ra1 Nc4 32. Rxa8+ Qxa8 33. Qc1 Qa2
34. f4 Bd6 35. Be1 Qe2 36. g3 Ne3 37. Bf2 Nd1 0-1

[Event "BPB Limburg open B"]
[Site "Maastricht"]
[Date "2015.05.23"]
[Round "3"]
[White "Wedda, Dries"]
[Black "Veldhuysen, Klaas"]
[Result "0-1"]
[WhiteElo "1674"]
[BlackElo "1959"]
[PlyCount "143"]
[EventDate "2015.05.22"]
[EventType "swiss"]
[EventRounds "7"]
[EventCountry "NED"]
[Source "P.Boonen"]
[SourceDate "2015.10.01"]

1. d4 Nf6 2. c4 g6 3. Nc3 Bg7 4. e4 d6 5. Be2 O-O 6. Bg5 Nbd7 7. Nf3 h6 8. Be3
Ng4 9. Bd2 e5 10. d5 f5 11. O-O Nc5 12. exf5 gxf5 13. b4 Ne4 14. Nxe4 fxe4 15.
Ne1 Qh4 16. Bxg4 Bxg4 17. Qc2 Be2 18. g3 Qg4 19. Ng2 Bxf1 20. Rxf1 Rf6 21. Qd1
Qf3 22. Nh4 Qxd1 23. Rxd1 c6 24. Rc1 Rc8 25. dxc6 bxc6 26. Be3 a6 27. g4 Kh7
28. Nf5 Bf8 29. Ng3 d5 30. cxd5 Bxb4 31. Nxe4 Rg6 32. h3 Be7 33. Kg2 Kg7 34.
Kg3 Kf7 35. f3 Ke8 36. h4 Kd7 37. h5 Rgg8 38. d6 Bd8 39. Bxh6 Rb8 40. Be3 Rb2
41. a4 Re2 42. Rc3 Ke6 43. Bc1 Kd7 44. Rc5 Re1 45. Bd2 Rh1 46. Rxe5 Bh4+ 47.
Kg2 Ra1 48. Ra5 Ra2 49. Rxa6 Bg5 50. Kg3 Rxd2 51. Nxd2 Bxd2 52. Ra7+ Kxd6 53.
a5 c5 54. a6 c4 55. Rb7 Be3 56. h6 Kc6 57. h7 Rh8 58. Re7 Bc5 59. Re4 Kd5 60.
g5 Rxh7 61. Kg4 c3 62. Re1 Ra7 63. f4 Rxa6 64. f5 c2 65. g6 Bd4 66. Rc1 Rc6 67.
Kf3 Bf6 68. Ke2 Ke4 69. Kf2 Kxf5 70. Ke2 Ke4 71. Kf2 Kd3 72. Ke1 0-1

[Event "BPB Limburg open B"]
[Site "Maastricht"]
[Date "2015.05.23"]
[Round "3"]
[White "Winand, Michael"]
[Black "Leentjens, Gilbert"]
[Result "1-0"]
[WhiteElo "1757"]
[BlackElo "1818"]
[PlyCount "33"]
[EventDate "2015.05.22"]
[EventType "swiss"]
[EventRounds "7"]
[EventCountry "NED"]
[Source "P.Boonen"]
[SourceDate "2015.10.01"]

1. e4 e5 2. Nf3 Nc6 3. Bb5 a6 4. Ba4 Nf6 5. O-O b5 6. Bb3 Bb7 7. d4 Be7 8. dxe5
Nxe4 9. Bf4 Na5 10. Nc3 g5 11. Nxg5 Nxb3 12. axb3 Nxf2 13. Qh5 Rf8 14. Be3 b4
15. Rxf2 bxc3 16. Nxf7 Qb8 17. Nd6+ 1-0